[Event "XI Memorial Roberto Magari A"]
[Site "Siena ITA"]
[Date "2006.11.10"]
[Round "1"]
[White "Egli, Urs"]
[Black "Calisi, Elia"]
[Result "1-0"]
[WhiteElo "2071"]
[BlackElo "1884"]
[PlyCount "59"]
[EventDate "2006.11.10"]

1. e4 c6 2. d4 d5 3. e5 c5 4. dxc5 Nc6 5. Bb5 Qa5+ 6. Nc3 e6 7. Qd4 Nge7 8. b4
Qc7 9. Nf3 Ng6 10. Bb2 Bd7 11. Bxc6 bxc6 12. O-O Be7 13. Ne2 f6 14. Nf4 Nxf4
15. Qxf4 O-O 16. Qg3 Qb8 17. exf6 Bxf6 18. Ne5 Be8 19. a3 a5 20. Bc3 axb4 21.
axb4 Rxa1 22. Rxa1 d4 23. Bxd4 Qxb4 24. c3 Qb2 25. Rf1 Qe2 26. Qf3 Qa2 27. Nxc6
Bh4 28. Qg4 Bxf2+ 29. Kh1 Bxd4 30. Ne7+ 1-0

[Event "XI Memorial Roberto Magari A"]
[Site "Siena ITA"]
[Date "2006.11.10"]
[Round "1"]
[White "Lomakina, Nadya"]
[Black "Masullo, Andrea"]
[Result "0-1"]
[WhiteElo "1888"]
[BlackElo "2092"]
[PlyCount "84"]
[EventDate "2006.11.10"]

1. d4 Nf6 2. Nf3 g6 3. c3 Bg7 4. Bg5 d6 5. Nbd2 c5 6. e4 cxd4 7. cxd4 Qa5 8.
Bd3 Nc6 9. Be3 Ng4 10. O-O Nxe3 11. fxe3 O-O 12. Bc4 Bd7 13. Rf2 Rac8 14. Qb3
Nd8 15. Raf1 b5 16. Bxf7+ Nxf7 17. Ng5 Bf6 18. Nxf7 Rxf7 19. e5 dxe5 20. dxe5
Kg7 21. exf6+ exf6 22. Ne4 Rc6 23. a3 Be6 24. Qd1 Bc4 25. Re1 Bb3 26. Qd2 Qc7
27. Qb4 Rc1 28. Ref1 Rxf1+ 29. Rxf1 Bc4 30. Rc1 Qe5 31. Nf2 Qxe3 32. Re1 Qb6
33. Qd2 Qc6 34. Nd1 Rd7 35. Qf2 Qd5 36. Ne3 Qg5 37. Nxc4 bxc4 38. Qc2 Rd2 39.
Re7+ Kf8 40. Qe4 Qxg2+ 41. Qxg2 Rxg2+ 42. Kxg2 Kxe7 0-1

[Event "XI Memorial Roberto Magari A"]
[Site "Siena ITA"]
[Date "2006.11.10"]
[Round "1"]
[White "Madiai, Federico"]
[Black "Hautala, Roman"]
[Result "0-1"]
[WhiteElo "1897"]
[BlackElo "2225"]
[PlyCount "52"]
[EventDate "2006.11.10"]

1. Nf3 Nf6 2. g3 g6 3. Bg2 Bg7 4. O-O O-O 5. d4 d6 6. c4 Nc6 7. Nc3 a6 8. e4
Bg4 9. Be3 Re8 10. Re1 e5 11. d5 Nd4 12. Bg5 h6 13. Bxf6 Qxf6 14. Re3 h5 15. b4
Bh6 16. Rd3 b5 17. c5 a5 18. h3 Bxf3 19. Bxf3 axb4 20. Rxd4 exd4 21. Nxb5 Rec8
22. c6 b3 23. Qxb3 Rcb8 24. Rb1 Rxb5 25. Qxb5 Qxf3 26. Rb2 Re8 0-1

[Event "XI Memorial Roberto Magari A"]
[Site "Siena ITA"]
[Date "2006.11.10"]
[Round "1"]
[White "Prati, Alessandro"]
[Black "Gambardella, Piero"]
[Result "0-1"]
[WhiteElo "1868"]
[BlackElo "2037"]
[PlyCount "60"]
[EventDate "2006.11.10"]

1. d4 Nf6 2. Nf3 e6 3. e3 b6 4. Bd3 Bb7 5. b3 Be7 6. Bb2 O-O 7. O-O c5 8. c4 d5
9. Nc3 Nbd7 10. Qe2 Rc8 11. Rfd1 Qc7 12. Rac1 Qb8 13. Ne5 Nxe5 14. dxe5 Nd7 15.
f4 Rfd8 16. cxd5 exd5 17. e6 fxe6 18. Qg4 Nf6 19. Qxe6+ Kf8 20. Qh3 d4 21. exd4
Qxf4 22. Bxh7 cxd4 23. Bg6 Qe3+ 24. Qxe3 dxe3 25. Rxd8+ Rxd8 26. Re1 Bb4 27.
Re2 Ba6 28. Re1 Rd2 29. Ba1 Bb7 30. Re2 Bxc3 0-1

[Event "XI Memorial Roberto Magari A"]
[Site "Siena ITA"]
[Date "2006.11.10"]
[Round "1"]
[White "Sciortino, Massimo"]
[Black "Bini, Alessandro"]
[Result "1-0"]
[WhiteElo "2204"]
[BlackElo "1889"]
[PlyCount "99"]
[EventDate "2006.11.10"]

1. e4 Nc6 2. Nf3 d6 3. d4 e5 4. Bc4 Be7 5. Nc3 exd4 6. Nxd4 Nf6 7. O-O Nxd4 8.
Qxd4 O-O 9. Bf4 Ng4 10. Rad1 Bf6 11. Qd2 Be6 12. Be2 Ne5 13. b3 Ng6 14. Be3 Qc8
15. f4 Bg4 16. Nd5 Bh4 17. f5 Ne5 18. f6 Qd8 19. Ne7+ Kh8 20. fxg7+ Kxg7 21.
Bh6+ Kh8 22. Bxf8 Bxe7 23. Bxe7 Qxe7 24. Bxg4 Nxg4 25. Qf4 Rg8 26. h3 Ne5 27.
Qf6+ Qxf6 28. Rxf6 Rg3 29. Kf2 Rc3 30. Rd2 b5 31. a3 a5 32. Ke2 a4 33. bxa4
bxa4 34. Rd4 Rxa3 35. Rb4 Kg7 36. Rf1 Rc3 37. Kd2 Rg3 38. Rf2 a3 39. Ra4 Kf8
40. Ra7 c5 41. Re2 Ke8 42. c3 Nc4+ 43. Kc2 Ne3+ 44. Kb3 Nxg2 45. Rxa3 Rg5 46.
Rf2 Rg7 47. Ra7 Ne3 48. Rf3 Ng2 49. Rf6 h5 50. Rh6 1-0

[Event "XI Memorial Roberto Magari A"]
[Site "Siena ITA"]
[Date "2006.11.10"]
[Round "1"]
[White "Tagliagambe, Stefano"]
[Black "Garofalo, Simone"]
[Result "1/2-1/2"]
[WhiteElo "2050"]
[BlackElo "1878"]
[PlyCount "52"]
[EventDate "2006.11.10"]

1. Nf3 Nf6 2. c4 g6 3. b3 Bg7 4. Bb2 O-O 5. g3 d6 6. d4 Nbd7 7. Bg2 c6 8. O-O
Qc7 9. Nc3 e5 10. e4 Re8 11. d5 c5 12. Ne1 Nf8 13. Nd3 a6 14. Qe2 Rb8 15. Rae1
b5 16. f4 bxc4 17. bxc4 N6d7 18. f5 Nb6 19. f6 Bh8 20. Bc1 Nxc4 21. Nf2 Nb6 22.
Ng4 Bxg4 23. Qxg4 Nbd7 24. Bg5 h5 25. Qh4 Nh7 26. Bh3 Ndf8 1/2-1/2

[Event "XI Memorial Roberto Magari A"]
[Site "Siena ITA"]
[Date "2006.11.10"]
[Round "1"]
[White "Tocchioni, Doriano"]
[Black "Parrini, Daniele"]
[Result "1-0"]
[WhiteElo "2238"]
[BlackElo "1938"]
[PlyCount "77"]
[EventDate "2006.11.10"]

1. d4 Nf6 2. c4 g6 3. Nc3 d5 4. cxd5 Nxd5 5. e4 Nxc3 6. bxc3 Bg7 7. Bc4 c5 8.
Ne2 Nc6 9. Be3 O-O 10. O-O Qc7 11. Rc1 Rd8 12. Bb3 Na5 13. f4 Nxb3 14. axb3 f5
15. e5 e6 16. c4 cxd4 17. Nxd4 Bf8 18. Nb5 Qe7 19. Nd6 b6 20. Qf3 Rb8 21. c5
bxc5 22. Bxc5 Qg7 23. Qe3 Ba6 24. Rfd1 Rd7 25. Ra1 Bb5 26. Rxa7 Rxa7 27. Bxa7
Rd8 28. Bc5 Bc6 29. b4 Bd5 30. h3 Ra8 31. Rxd5 exd5 32. Qb3 Ra1+ 33. Kh2 Bxd6
34. Qxd5+ Qf7 35. Qxd6 Re1 36. b5 Qe8 37. b6 g5 38. b7 Rb1 39. Bb6 1-0

[Event "XI Memorial Roberto Magari A"]
[Site "Siena ITA"]
[Date "2006.11.10"]
[Round "1"]
[White "Vuelban, Virgilio"]
[Black "Campanella, Giovanni"]
[Result "1-0"]
[WhiteElo "2341"]
[BlackElo "1989"]
[PlyCount "77"]
[EventDate "2006.11.10"]

1. e4 e6 2. d4 d5 3. Nc3 Bb4 4. e5 c5 5. a3 Ba5 6. b4 cxd4 7. Nb5 Bc7 8. f4 Ne7
9. Nf3 Nbc6 10. Nfxd4 a6 11. Nxc7+ Qxc7 12. Nxc6 bxc6 13. Be3 a5 14. Bc5 Ba6
15. Bxa6 Rxa6 16. Qd3 Ra8 17. O-O O-O 18. Rae1 axb4 19. axb4 Ra2 20. g4 Rfa8
21. f5 R8a3 22. c3 exf5 23. gxf5 Rb2 24. Rf2 Raa2 25. Rxb2 Rxb2 26. f6 Ng6 27.
Qg3 Qc8 28. e6 gxf6 29. e7 Qe8 30. Qd6 Ra2 31. Qxf6 Rd2 32. Be3 Qxe7 33. Qxe7
Nxe7 34. Bxd2 Nf5 35. Re8+ Kg7 36. Rc8 Nh4 37. Kf2 Ng6 38. Rxc6 f5 39. Rxg6+
1-0

[Event "XI Memorial Roberto Magari A"]
[Site "Siena ITA"]
[Date "2006.11.10"]
[Round "2"]
[White "Ambrosanio, Raffaele"]
[Black "Madiai, Federico"]
[Result "0-1"]
[WhiteElo "2020"]
[BlackElo "1897"]
[PlyCount "90"]
[EventDate "2006.11.10"]

1. c4 e5 2. g3 c5 3. Bg2 Nc6 4. Nc3 g6 5. Nf3 Bg7 6. d3 Nge7 7. Ng5 d6 8. Nge4
f5 9. Ng5 h6 10. Nf3 Be6 11. Bd2 a6 12. Qc1 Rb8 13. a4 g5 14. h4 g4 15. Nh2 Nd4
16. Ra3 Qd7 17. O-O Ng6 18. h5 Ne7 19. Re1 Bf7 20. e3 Ndc6 21. d4 e4 22. Nxg4
fxg4 23. Nxe4 b6 24. dxc5 dxc5 25. Bc3 Ne5 26. Rd1 Qe6 27. Nd6+ Kf8 28. Bxe5
Bxe5 29. Rad3 Bxh5 30. Bd5 Qxd6 31. Bf7 Qxd3 32. Rxd3 Bxf7 33. Qd1 Be6 34. Rd8+
Kf7 35. Rd2 Nc6 36. f4 Bf6 37. Rd6 Rbd8 38. e4 Bd4+ 39. Rxd4 Rxd4 40. Qb3 Nb4
41. f5 Bxc4 42. Qe3 Nc2 43. Qf4 Rhd8 44. Qxg4 Rd1+ 45. Kf2 R8d2+ 0-1

[Event "XI Memorial Roberto Magari A"]
[Site "Siena ITA"]
[Date "2006.11.10"]
[Round "2"]
[White "Bini, Alessandro"]
[Black "Carola, Paolo"]
[Result "1-0"]
[WhiteElo "1889"]
[BlackElo "1999"]
[PlyCount "67"]
[EventDate "2006.11.10"]

1. d3 d5 2. Nf3 Nc6 3. c3 e5 4. Nbd2 Nf6 5. Nb3 Be7 6. g3 O-O 7. Bg2 Bg4 8. O-O
Qd7 9. Re1 Rfe8 10. Qc2 Rad8 11. Be3 d4 12. cxd4 Nd5 13. Bd2 exd4 14. a3 Bf6
15. Rac1 Qc8 16. Nc5 Rd6 17. Bf4 Nxf4 18. gxf4 Bh3 19. Ne4 Qg4 20. Ng3 Bxg2 21.
Kxg2 h5 22. Qc5 g6 23. h3 Qd7 24. b4 Rd5 25. Qc4 Bd8 26. Ne4 Kg7 27. Nc5 b5 28.
Qxb5 Qd6 29. Qc4 Rf5 30. Ne4 Qxf4 31. Qxc6 Re6 32. Qd7 g5 33. Qxd4+ Kh7 34. Nc5
1-0

[Event "XI Memorial Roberto Magari A"]
[Site "Siena ITA"]
[Date "2006.11.10"]
[Round "2"]
[White "Buratti, Marco"]
[Black "Burgassi, Daniele"]
[Result "1-0"]
[WhiteElo "2068"]
[BlackElo "2000"]
[PlyCount "71"]
[EventDate "2006.11.10"]

1. e4 c5 2. Nc3 Nc6 3. Bc4 e6 4. d3 a6 5. a4 Nf6 6. Nge2 Be7 7. O-O O-O 8. Ng3
d5 9. Ba2 d4 10. Nce2 b5 11. f4 b4 12. Kh1 Ra7 13. Ng1 Kh8 14. Nh3 h6 15. f5 e5
16. Nh5 Nh7 17. Qg4 Bg5 18. Nxg5 hxg5 19. h4 f6 20. hxg5 fxg5 21. Bd2 g6 22.
Ng3 Kg7 23. Qe2 gxf5 24. exf5 Nf6 25. Bxg5 Rh8+ 26. Kg1 Kf8 27. Ne4 Nxe4 28.
Bxd8 Rh1+ 29. Kxh1 Ng3+ 30. Kg1 Nxe2+ 31. Kf2 Nf4 32. Bb6 Rg7 33. Bxc5+ Ke8 34.
g3 Nh5 35. Rh1 Nf6 36. Rh8+ 1-0

[Event "XI Memorial Roberto Magari A"]
[Site "Siena ITA"]
[Date "2006.11.10"]
[Round "2"]
[White "Campanella, Giovanni"]
[Black "Lomakina, Nadya"]
[Result "0-1"]
[WhiteElo "1989"]
[BlackElo "1888"]
[PlyCount "120"]
[EventDate "2006.11.10"]

1. e4 c5 2. Nf3 d6 3. d4 cxd4 4. Nxd4 Nf6 5. Nc3 a6 6. Be2 e6 7. Be3 b5 8. Bf3
e5 9. Nde2 Bb7 10. Ng3 Nbd7 11. Qd2 Nc5 12. a3 Qc7 13. O-O Be7 14. Rad1 O-O 15.
Bg5 Rfd8 16. Bxf6 Bxf6 17. Qe2 Ne6 18. Nf5 Rac8 19. Rfe1 Nd4 20. Qd3 Qc4 21.
Bg4 Rc7 22. Re3 g6 23. Ng3 Bg5 24. Ree1 a5 25. Nge2 b4 26. axb4 axb4 27. Nxd4
exd4 28. Nb5 Qxd3 29. cxd3 Rc2 30. b3 Bf6 31. Rc1 Rb2 32. Rb1 Rd2 33. Red1 Rc2
34. Re1 Ba6 35. Bd1 Rc5 36. Nxd6 Rxd6 37. f4 Rdc6 38. e5 Be7 39. Bf3 Rc7 40.
Be4 Rc3 41. Red1 Bb7 42. g4 Bc5 43. f5 Bc8 44. Rd2 Ba7 45. Kf2 R3c5 46. Ra2
Rxe5 47. f6 Kf8 48. Rba1 Bb8 49. Ra8 Rb5 50. g5 Ke8 51. h4 Kd7 52. Kf3 Rc3 53.
Rb1 Kc7 54. Ra2 Be6 55. Rab2 Ra5 56. Ke2 Ra3 57. Kd2 Raxb3 58. h5 Kb6 59. hxg6
hxg6 60. Ke2 Bf4 0-1

[Event "XI Memorial Roberto Magari A"]
[Site "Siena ITA"]
[Date "2006.11.10"]
[Round "2"]
[White "Efimov, Igor"]
[Black "Egli, Urs"]
[Result "1-0"]
[WhiteElo "2412"]
[BlackElo "2071"]
[PlyCount "21"]
[EventDate "2006.11.10"]

1. d4 c5 2. dxc5 Na6 3. f3 Nxc5 4. e4 d6 5. Be3 g6 6. Bd4 f6 7. Nc3 Bg7 8. Bc4
Nh6 9. Nge2 Ne6 10. Be3 O-O 11. Nf4 1-0

[Event "XI Memorial Roberto Magari A"]
[Site "Siena ITA"]
[Date "2006.11.10"]
[Round "2"]
[White "Gambardella, Piero"]
[Black "Tocchioni, Doriano"]
[Result "0-1"]
[WhiteElo "2037"]
[BlackElo "2238"]
[PlyCount "56"]
[EventDate "2006.11.10"]

1. d4 d5 2. c4 e6 3. Nc3 Nf6 4. Bg5 Be7 5. e3 Nbd7 6. Nf3 h6 7. Bxf6 Nxf6 8.
Qc2 O-O 9. O-O-O c5 10. Ne5 cxd4 11. exd4 dxc4 12. Bxc4 Nd5 13. Rhe1 Bb4 14. g3
Bd7 15. f4 Rc8 16. Rd3 b5 17. Bxd5 exd5 18. Qb3 Ba5 19. Nxd7 Qxd7 20. Kb1 Rc4
21. Re5 Rfc8 22. a3 Bxc3 23. Rxc3 f6 24. Re1 a5 25. Rce3 b4 26. axb4 axb4 27.
Qd3 Qc6 28. Qg6 Rc1+ 0-1

[Event "XI Memorial Roberto Magari A"]
[Site "Siena ITA"]
[Date "2006.11.10"]
[Round "2"]
[White "Garofalo, Sergio"]
[Black "Sciortino, Massimo"]
[Result "0-1"]
[WhiteElo "1815"]
[BlackElo "2204"]
[PlyCount "100"]
[EventDate "2006.11.10"]

1. d4 d6 2. g3 f5 3. Bg2 Nf6 4. Nh3 e6 5. e4 fxe4 6. Bg5 d5 7. f3 exf3 8. Qxf3
Be7 9. Bxf6 Bxf6 10. Qd3 O-O 11. Nd2 c5 12. c3 cxd4 13. cxd4 Nc6 14. O-O Bxd4+
15. Kh1 Rxf1+ 16. Rxf1 Bxb2 17. Nf3 Bf6 18. Nf4 Ne5 19. Nxe5 Bxe5 20. Nh3 Bf6
21. Nf4 Bd7 22. Bh3 Qe8 23. Re1 Bb5 24. Qb3 Bc4 25. Qxb7 d4 26. Bxe6+ Bxe6 27.
Rxe6 Qd8 28. Rd6 Qxd6 29. Qxa8+ Qd8 30. Qxd8+ Bxd8 31. Kg2 Kf7 32. Kf3 g5 33.
Nd3 Ke6 34. Ke4 Bb6 35. Nb4 Kd6 36. Nc2 d3 37. Kxd3 Bg1 38. h3 Bf2 39. Nd4 Kd5
40. Nf5 Ke5 41. g4 h5 42. Ne3 Bxe3 43. Kxe3 h4 44. Kd3 Kf4 45. Kd4 Kg3 46. Ke4
Kxh3 47. Kf3 a6 48. a3 Kh2 49. Kf2 h3 50. a4 a5 0-1

[Event "XI Memorial Roberto Magari A"]
[Site "Siena ITA"]
[Date "2006.11.10"]
[Round "2"]
[White "Garofalo, Simone"]
[Black "Salami, Marco"]
[Result "0-1"]
[WhiteElo "1878"]
[BlackElo "2187"]
[PlyCount "74"]
[EventDate "2006.11.10"]

1. e4 e6 2. d4 d5 3. Nc3 Bb4 4. Nge2 dxe4 5. a3 Be7 6. Nxe4 Nf6 7. N2c3 Nbd7 8.
Bf4 Nxe4 9. Nxe4 Nf6 10. Nxf6+ Bxf6 11. c3 Bd7 12. Bd3 Bc6 13. O-O Qd5 14. f3
O-O-O 15. Qe2 Bxd4+ 16. Kh1 Bf6 17. Rfd1 Qh5 18. b4 Ba4 19. Rdc1 Qd5 20. Be4
Qd7 21. b5 Qxb5 22. c4 Qa6 23. Rab1 Bc6 24. Rb3 Bxe4 25. Qxe4 Rd4 26. Qe3 Rhd8
27. h3 Rd1+ 28. Rxd1 Rxd1+ 29. Kh2 Rd8 30. Qe4 g6 31. Bg3 Rd4 32. Qe3 Qc6 33.
Qh6 Qxc4 34. Rb1 e5 35. Qxh7 Rd8 36. Qh6 Qc2 37. Rc1 Qd2 0-1

[Event "XI Memorial Roberto Magari A"]
[Site "Siena ITA"]
[Date "2006.11.10"]
[Round "2"]
[White "Gasperoni, Claudio"]
[Black "Tagliagambe, Stefano"]
[Result "0-1"]
[WhiteElo "1733"]
[BlackElo "2050"]
[PlyCount "32"]
[EventDate "2006.11.10"]

1. d4 Nf6 2. c4 d6 3. Nc3 c5 4. d5 b5 5. e3 b4 6. Nce2 e6 7. Nf4 Bb7 8. b3 exd5
9. Nxd5 Nxd5 10. cxd5 Qf6 11. Rb1 Qg6 12. Bb2 Bxd5 13. f3 Be7 14. e4 Bc6 15.
Ne2 O-O 16. Nf4 Bh4+ 0-1

[Event "XI Memorial Roberto Magari A"]
[Site "Siena ITA"]
[Date "2006.11.10"]
[Round "2"]
[White "Hautala, Roman"]
[Black "Cocuzzi, Edoardo"]
[Result "1-0"]
[WhiteElo "2225"]
[BlackElo "1782"]
[PlyCount "49"]
[EventDate "2006.11.10"]

1. e4 e5 2. Nf3 Nc6 3. Bb5 a6 4. Bxc6 dxc6 5. O-O Bg4 6. h3 Bxf3 7. Qxf3 Qf6 8.
Qg3 Bd6 9. d4 h6 10. Qb3 O-O-O 11. f4 Qe6 12. fxe5 Qxb3 13. axb3 Be7 14. c3 f6
15. Bf4 fxe5 16. Bxe5 Bf6 17. Bxf6 Nxf6 18. e5 Nd5 19. b4 Rhf8 20. Nd2 Nf4 21.
Rf3 Rf5 22. Kh2 Rdf8 23. Raf1 g6 24. g4 R5f7 25. e6 1-0

[Event "XI Memorial Roberto Magari A"]
[Site "Siena ITA"]
[Date "2006.11.10"]
[Round "2"]
[White "Masullo, Andrea"]
[Black "Vuelban, Virgilio"]
[Result "0-1"]
[WhiteElo "2092"]
[BlackElo "2341"]
[PlyCount "80"]
[EventDate "2006.11.10"]

1. e4 c5 2. c3 d5 3. exd5 Qxd5 4. d4 Nf6 5. Nf3 Bg4 6. Be2 e6 7. Na3 Nc6 8. Be3
cxd4 9. Nb5 O-O-O 10. Nbxd4 Bc5 11. Qa4 Nxd4 12. cxd4 Bb6 13. O-O Kb8 14. Rfd1
Qd6 15. Qb5 Nd5 16. Ne5 Bxe2 17. Qxe2 Bc7 18. g3 Qe7 19. Nd3 h5 20. Nc5 h4 21.
Qb5 Bd6 22. Ne4 hxg3 23. hxg3 Nxe3 24. fxe3 a6 25. Qe2 f5 26. Nxd6 Qxd6 27. Qf3
g5 28. Rd2 Rh3 29. Rg2 Rdh8 30. Kf2 f4 31. Rag1 Rf8 32. Qg4 Rxg3 33. Rxg3 fxg3+
34. Ke2 Rf2+ 35. Kd3 Rxb2 36. Qxg5 Qa3+ 37. Ke4 Qxa2 38. Qxg3+ Ka7 39. Qd6 Rb5
40. Rg8 Qc2+ 0-1

[Event "XI Memorial Roberto Magari A"]
[Site "Siena ITA"]
[Date "2006.11.10"]
[Round "2"]
[White "Parrini, Daniele"]
[Black "Bini, Lorenzo"]
[Result "1/2-1/2"]
[WhiteElo "1938"]
[BlackElo "2028"]
[PlyCount "120"]
[EventDate "2006.11.10"]

1. e4 b6 2. d4 Bb7 3. Bd3 e6 4. Nf3 Nf6 5. Qe2 d6 6. O-O c5 7. c3 Nbd7 8. Bg5
h6 9. Bh4 g5 10. Bg3 Nh5 11. Nbd2 Nxg3 12. hxg3 Qc7 13. a4 a6 14. d5 e5 15. Ne1
Bg7 16. Nc2 O-O 17. Ne3 Nf6 18. Nf5 Bc8 19. g4 Bxf5 20. gxf5 a5 21. Bb5 Rfd8
22. g4 Qe7 23. Kg2 Ne8 24. Bc6 Ra7 25. Nc4 Qc7 26. Na3 Qb8 27. Nc4 Re7 28. Ra3
Qa7 29. Rb3 Rb8 30. Bxe8 Rexe8 31. Nxd6 Red8 32. Nb5 Qd7 33. c4 Bf6 34. Rd3 Kg7
35. Rh1 Rh8 36. Rh5 Kf8 37. Rdh3 Bg7 38. Qf3 f6 39. Qd3 Rd8 40. b3 Qb7 41. Rh1
Kf7 42. Rd1 Bf8 43. Rhh1 Rd7 44. Qh3 Qb8 45. Qh5+ Kg8 46. Qg6+ Bg7 47. Rd3 Qf8
48. Rdh3 Qf7 49. Qxf7+ Kxf7 50. Nc3 Bf8 51. d6 Rxd6 52. Nd5 Bg7 53. Rd3 Rhd8
54. Rhd1 Bf8 55. Kf3 Rc8 56. Ke2 Rcc6 57. Rh1 Rc8 58. Rhd1 Rcc6 59. Nc3 Rd4 60.
Rxd4 exd4 1/2-1/2

[Event "XI Memorial Roberto Magari A"]
[Site "Siena ITA"]
[Date "2006.11.10"]
[Round "2"]
[White "Peric, Slavisa"]
[Black "Bagolin, Renzo"]
[Result "1-0"]
[WhiteElo "2297"]
[BlackElo "1880"]
[PlyCount "71"]
[EventDate "2006.11.10"]

1. d4 d5 2. Nf3 Bf5 3. c4 e6 4. Nc3 c6 5. Qb3 Qc8 6. Bf4 Nd7 7. h3 Ngf6 8. e3
Be7 9. Be2 O-O 10. O-O Bg6 11. Rac1 dxc4 12. Bxc4 Nb6 13. Be2 Nfd5 14. Bh2 Bd8
15. Ne5 Bc7 16. Rfd1 Rb8 17. Bf3 f6 18. Nxg6 Bxh2+ 19. Kxh2 hxg6 20. Ne4 Nd7
21. Kg1 Qc7 22. a3 Kh8 23. Qc2 g5 24. b4 a6 25. Bg4 Rfe8 26. Bh5 Rf8 27. Qe2
Ne7 28. h4 gxh4 29. Qg4 Nf5 30. Bg6 Nh6 31. Qxe6 Nb6 32. Rc5 Qd7 33. Qxd7 Nxd7
34. Rh5 Kg8 35. Rxh4 Nb6 36. Nc3 1-0

[Event "XI Memorial Roberto Magari A"]
[Site "Siena ITA"]
[Date "2006.11.11"]
[Round "3"]
[White "Bagolin, Renzo"]
[Black "Masullo, Andrea"]
[Result "0-1"]
[WhiteElo "1880"]
[BlackElo "2092"]
[PlyCount "82"]
[EventDate "2006.11.10"]

1. c4 c5 2. Nc3 Nf6 3. e4 d6 4. d3 g6 5. Be2 Bg7 6. f4 Nc6 7. Nf3 a6 8. a4 Qc7
9. O-O Bd7 10. Kh1 Rb8 11. e5 dxe5 12. fxe5 Ng4 13. Nd5 Qd8 14. h3 Ngxe5 15.
Nxe5 Bxe5 16. Bh6 e6 17. Nc3 Qh4 18. Qd2 Qg3 19. Bf4 Bxf4 20. Rxf4 f5 21. Rf3
Qh4 22. Qf4 Qxf4 23. Rxf4 Nd4 24. Rb1 Nxe2 25. Nxe2 Bxa4 26. b3 Bc6 27. b4 e5
28. Rf2 cxb4 29. Rxb4 Rd8 30. Rb3 O-O 31. Kh2 Rf7 32. Nc1 Rfd7 33. Rfb2 e4 34.
dxe4 Bxe4 35. Rg3 Rd2 36. Rxd2 Rxd2 37. Nb3 Rc2 38. Nc5 Rxc4 39. Nxe4 Rxe4 40.
Rb3 b5 41. Ra3 Re6 0-1

[Event "XI Memorial Roberto Magari A"]
[Site "Siena ITA"]
[Date "2006.11.11"]
[Round "3"]
[White "Barbafiera, Luigi"]
[Black "Prati, Alessandro"]
[Result "1-0"]
[WhiteElo "1972"]
[BlackElo "1868"]
[PlyCount "61"]
[EventDate "2006.11.10"]

1. d4 f5 2. c4 Nf6 3. Nc3 e6 4. g3 c6 5. d5 d6 6. Bg2 cxd5 7. cxd5 e5 8. Nf3
Be7 9. O-O O-O 10. Ng5 Na6 11. e4 Nc7 12. Qb3 fxe4 13. Ngxe4 Kh8 14. Nxf6 Bxf6
15. Ne4 Na6 16. Be3 b6 17. Qa3 Nc5 18. b4 Nxe4 19. Bxe4 Bh3 20. Rfc1 Rf7 21.
Rc6 Rc7 22. Rac1 Rac8 23. Qd3 g6 24. Rd1 Be7 25. f4 Bd7 26. Rxc7 Qxc7 27. fxe5
Qc4 28. e6 Ba4 29. Rf1 Qxd3 30. Bxd3 Rc3 31. Bd4+ 1-0

[Event "XI Memorial Roberto Magari A"]
[Site "Siena ITA"]
[Date "2006.11.11"]
[Round "3"]
[White "Burgassi, Daniele"]
[Black "Campanella, Giovanni"]
[Result "0-1"]
[WhiteElo "2000"]
[BlackElo "1989"]
[PlyCount "78"]
[EventDate "2006.11.10"]

1. e4 e6 2. d4 d5 3. Nc3 Bb4 4. Nge2 dxe4 5. a3 Ba5 6. Ng3 Nc6 7. Bb5 Nge7 8.
O-O O-O 9. Nce2 a6 10. Bxc6 Nxc6 11. Nxe4 Qd5 12. Qd3 Rd8 13. Rd1 b5 14. Bg5 f6
15. Bxf6 Rd7 16. Bh4 Bb6 17. Ng5 Qf5 18. Qxf5 exf5 19. c3 Bb7 20. Nf3 Re8 21.
Re1 h6 22. Bg3 g5 23. Be5 g4 24. Nh4 Nxe5 25. dxe5 Rxe5 26. Nf4 Rde7 27. Rxe5
Rxe5 28. Nhg6 Re4 29. Rd1 Kf7 30. Kf1 Kf6 31. g3 a5 32. Rd8 b4 33. Rf8+ Kg5 34.
Nh4 Rxf4 35. gxf4+ Kxh4 36. axb4 axb4 37. Rxf5 bxc3 38. bxc3 Bf3 39. Kg1 c6 0-1

[Event "XI Memorial Roberto Magari A"]
[Site "Siena ITA"]
[Date "2006.11.11"]
[Round "3"]
[White "Carola, Paolo"]
[Black "Calisi, Elia"]
[Result "1-0"]
[WhiteElo "1999"]
[BlackElo "1884"]
[PlyCount "127"]
[EventDate "2006.11.10"]

1. e4 c6 2. Nc3 d5 3. Qf3 Be6 4. exd5 Bxd5 5. Qg3 Nf6 6. Nh3 g6 7. Nf4 Bg7 8.
Nfxd5 Nxd5 9. Bc4 Nxc3 10. bxc3 O-O 11. Rb1 b5 12. Be2 Qd5 13. c4 bxc4 14. O-O
c3 15. dxc3 Qxa2 16. Rb2 Qa5 17. Rb3 Nd7 18. Ra3 Qe5 19. Be3 Qxg3 20. hxg3 Nb6
21. Rfa1 Nd5 22. Bd4 c5 23. Bxg7 Kxg7 24. Bf3 Rad8 25. Rxa7 e6 26. R1a5 Nxc3
27. Rxc5 Rc8 28. Rac7 Rxc7 29. Rxc7 Nb5 30. Rc5 Nd4 31. Bb7 Rb8 32. Be4 Rb1+
33. Kh2 Nf5 34. g4 Nd6 35. Bd3 Rd1 36. Rc6 Ne8 37. Kg3 h6 38. Kf3 Nf6 39. g3
Re1 40. c4 Nd7 41. Rd6 Ne5+ 42. Kg2 Rc1 43. Be2 Nxc4 44. Rd4 Ne5 45. Re4 Nd7
46. Rd4 Nf6 47. Bf3 Rc3 48. Ra4 Rc7 49. Rd4 Re7 50. Ra4 e5 51. Be2 e4 52. Ra5
Nh7 53. Ra3 Ng5 54. Rc3 Rd7 55. Rc2 Rd6 56. Rb2 Kf6 57. Rc2 Ke5 58. Rb2 Rd3 59.
Bxd3 exd3 60. f4+ Kd4 61. fxg5 Kc3 62. gxh6 Kxb2 63. h7 d2 64. h8=Q+ 1-0

[Event "XI Memorial Roberto Magari A"]
[Site "Siena ITA"]
[Date "2006.11.11"]
[Round "3"]
[White "Cocuzzi, Edoardo"]
[Black "Gambardella, Piero"]
[Result "1-0"]
[WhiteElo "1782"]
[BlackElo "2037"]
[PlyCount "49"]
[EventDate "2006.11.10"]

1. e4 e5 2. Bc4 Nf6 3. d3 Nc6 4. Nf3 Be7 5. a3 d6 6. h3 O-O 7. Nc3 Be6 8. Bxe6
fxe6 9. O-O Nd4 10. Nxd4 exd4 11. Ne2 c5 12. f4 d5 13. e5 Nd7 14. Ng3 Bh4 15.
Nh1 Qb6 16. Qg4 Be7 17. Ng3 Rf7 18. Rb1 Rc8 19. Re1 Nf8 20. f5 exf5 21. Nxf5
Rc6 22. e6 Rxe6 23. Rxe6 Qxe6 24. Nh6+ Kh8 25. Qxe6 1-0

[Event "XI Memorial Roberto Magari A"]
[Site "Siena ITA"]
[Date "2006.11.11"]
[Round "3"]
[White "Egli, Urs"]
[Black "Bini, Alessandro"]
[Result "1-0"]
[WhiteElo "2071"]
[BlackElo "1889"]
[PlyCount "37"]
[EventDate "2006.11.10"]

1. e4 Nc6 2. Nc3 d6 3. Bc4 e5 4. d3 Be7 5. f4 Na5 6. Bb3 Nf6 7. Nf3 Nxb3 8.
axb3 exf4 9. Bxf4 Nh5 10. Be3 a6 11. O-O Bg4 12. h3 Bd7 13. Nd5 Be6 14. Nd4 g6
15. Nf5 Bxf5 16. exf5 O-O 17. f6 Nxf6 18. Nxe7+ Qxe7 19. Bg5 1-0

[Event "XI Memorial Roberto Magari A"]
[Site "Siena ITA"]
[Date "2006.11.11"]
[Round "3"]
[White "Lomakina, Nadya"]
[Black "Buratti, Marco"]
[Result "1/2-1/2"]
[WhiteElo "1888"]
[BlackElo "2068"]
[PlyCount "100"]
[EventDate "2006.11.10"]

1. d4 d5 2. Nf3 Nf6 3. c3 Nbd7 4. Bf4 Nh5 5. Bg3 c6 6. Nbd2 Nxg3 7. hxg3 Qc7 8.
Qc2 g6 9. e4 Nf6 10. Bd3 dxe4 11. Nxe4 Ng4 12. O-O-O Bf5 13. Kb1 Bg7 14. Qe2
O-O 15. Neg5 Bxd3+ 16. Rxd3 h5 17. Nh4 Qa5 18. f4 Qb5 19. Rf1 Rad8 20. Qd1 c5
21. Nhf3 cxd4 22. cxd4 Bxd4 23. Nxd4 Rxd4 24. Rxd4 Ne3 25. Qe1 Qxf1 26. Qxf1
Nxf1 27. Rd7 Rc8 28. b3 Nxg3 29. Rxe7 f6 30. Ne6 Ne2 31. Rxb7 Re8 32. Nc7 Re3
33. Nd5 Re6 34. Rxa7 Rd6 35. Ne7+ Kh8 36. Nxg6+ Kg8 37. Ne7+ Kf8 38. Ng6+ Kg8
39. Kc2 Nd4+ 40. Kb2 Nf5 41. Rc7 Rd2+ 42. Rc2 Rxc2+ 43. Kxc2 Kf7 44. Ne5+ fxe5
45. fxe5 Ne3+ 46. Kd3 Nxg2 47. Ke4 Ke6 48. a4 Ne1 49. Kf4 Nd3+ 50. Kg5 Kxe5
1/2-1/2